Mai - Vidéoclub (paroles) - Statistiques

Statistiques générales
  • Ce quiz a été pris 52 fois
  • Le résultat moyen est 232 sur 312
Statistiques - réponses
Paroles % Correct
Je
98%
je
98%
à
95%
ces
95%
c'est
95%
C'est
95%
cette
93%
de
93%
et
93%
Et
93%
la
93%
La
93%
le
93%
ma
93%
nus
93%
du
90%
90%
histoire
90%
histoire ?
90%
les
90%
Les
90%
que
90%
sur
90%
te
90%
bon
88%
bon,
88%
pour
88%
veux
88%
dans
85%
des
85%
Des
85%
nous
85%
Pourrions
85%
revenir
85%
croire
83%
j'avoue
83%
Me
83%
me
83%
j'aurais
80%
J'aurais
80%
nuit
78%
avec
76%
ça
76%
en
76%
jour
76%
pas
76%
pluie
76%
soir
73%
con
71%
faire
71%
jours
71%
Marcher
71%
Oui,
71%
soleil
71%
crier
68%
gens
68%
mes
68%
rues
68%
vivre
68%
longtemps
66%
pu,
66%
vie
66%
m'en
63%
plus
63%
sa
63%
Tes
63%
tes
63%
bras
61%
Moi
59%
tard
59%
connais
56%
Parler
56%
folie
54%
Observer
54%
sans
54%
toute
54%
yeux
54%
couleurs
51%
d'autrefois
51%
d'ennuis
51%
portraits
51%
ses
51%
tirer
51%
trop
51%
vois
51%
amis
49%
Puis
49%
regards
49%
t'offrir
49%
uniquement
49%
chaleur
46%
Entre
46%
nourrir
46%
voir
46%
chansons
44%
Déchirer
44%
défauts
44%
deux
44%
écouter,
44%
écouter
44%
on
44%
recommencer
44%
soirées
44%
très
44%
continuerais
41%
doigts
41%
muets
41%
Oublier
41%
poser
41%
questions
41%
toits
41%
copies
39%
écrira
39%
haut
39%
Monter
39%
rentrer
39%
révoltés
39%
révoltés,
39%
donner
37%
l'été
37%
pouvoir
37%
raison
37%
Traitez
37%
M'envoler
34%
part
34%
sauver
34%
demander,
32%
j'ai
32%
Échanger
29%
hagards,
27%
essaye
7%
Voilầ
0%
Aucun quiz correspondant
Distribution des résultats
% des personnes avec chaque résultat
Percentile par nombre de réponses
Votre historique - résultats
Vous n’avez pas pris ce quiz